| 000 | 00450nam a2200181Ia 4500 | ||
|---|---|---|---|
| 003 | GCL | ||
| 008 | 140319s9999 xx 000 0 eng d | ||
| 040 |
_aGCL / _cGCL |
||
| 082 | 0 | 4 |
_a720.92 _bM M |
| 100 | 1 | _aMAYNE, THOM | |
| 245 | 1 | 0 |
_aMARPHOSIS: CONNECTED ISALATION / _cMAYNE, THOM |
| 260 |
_a[S.N] : _bACADEMY EDITIONS ، _c1992 |
||
| 300 | _a144 P | ||
| 650 | 0 | 4 | _aARCHITECTURE |
| 650 | 0 | 4 | _aPROJECTS |
| 650 | 0 | 4 | _aMARPHOSIS |
| 942 |
_2ddc _cBK |
||
| 999 |
_c11089 _d11089 |
||